Questions about Vietnam football - Statistics

General Stats
  • This quiz has been taken 101 times
  • The average score is 5 of 8
Answer Stats
Question Answer % Correct
Who scored the most goals for Vietnam national team ? Le Cong Vinh
84%
What was the score of the match between Vietnam and Manchester City in 2015 ? 8-1
79%
Who scored the only goal for Vietnam in AFF Cup 2018 Final? Anh Đức
63%
How many times did Vietnam national team win AFF Suzuki Cup ? 2
58%
Who received the golden ball in 2014? Thành Lương
58%
Which Football club is Van Lam playing now? Cerezo Osaka
47%
Who is Vietnam national team's coach in 2010 ? Calisto
42%
Who was the first ever Vietnamese to play football in Europe? Công Vinh
37%
No matching quizzes found
Score Distribution
Percent of People with Each Score
Percentile by Number Answered
Your Score History
You have not taken this quiz